Missing Word: Avengers Actors II Quiz Stats

 Plays Quiz Updated Jul 18, 2018

Score 0/16 Timer 02:00
1 Play Today
% Correct
Star
97.3%
Pulp
93.5%
Snakes
91.4%
Movie
86.7%
Sea
84.7%
Fantastic
82.9%
Love
82.1%
World
80.7%
% Correct
Captain
76.8%
Huntsman
67.1%
Talented
61.7%
Royal
61.3%
Long
56%
Cabin
52.5%
Sliding
30.3%
Perfect
19.7%

Today's Daily Dose

Quick Pick
'M' Cities

Get the Picture
'South' Countries

You're not logged in!

Compare scores with friends on all Sporcle quizzes.
OR
Log In

Sporcle TV

Today on Sporcle TV


Watch our educational content, quiz creation guides, and fun videos on Sporcle TV.

Show Comments

Extras

Top Quizzes Today


Score Distribution

Your Account Isn't Verified!

In order to create a playlist on Sporcle, you need to verify the email address you used during registration. Go to your Sporcle Settings to finish the process.

Report this User

Report this user for behavior that violates our Community Guidelines.

Details: